000 00520nam a22001937a 4500
999 _c6071
_d6071
003 GBCCL
005 20241126110555.0
008 180430b ||||| |||| 00| 0 eng d
020 _a0340247991
040 _cgbc
082 _a272.092
_bPOL
100 _aPollock, John
_97576
245 _aThe Siberian seven /
_cJohn Pollock
260 _aLondon:
_bHodder and Stoughton,
_c1979
300 _a252 p.;
_c18 cm.
650 _aPersecution
_zSoviet Union
_96583
650 _aPenticostals
_zBiography
_910935
942 _2ddc
_cBK